000 00948nam a2200193Ia 4500
999 _c41497
_d41497
001 8164
003 GE_BSU
005 20240329174932.0
008 181216s2013||||ge |||||||||||||| ||geo||
040 _cGE_BSU
041 _ageo
080 _a78(479.223) ბ–17
245 _aბათუმის ხელოვნების ცენტრი 22-28 ივნისი /
_cსამხატვრო ხელმძღვანელი ელისო ბოლქვაძე.
264 _aბათუმი :
_b?
_c2013.
300 _a34 გვ. ;
_c20 სმ.
500 _aფესტივალის ორგიზატორები და მხარდამჭერები : საქართველოს კულტურისა და ძეგლთა დაცვის სამინისტრო
653 _aბათუმის ხელოვნების ცენტრი
942 _cBK
_2udc